书目信息 |
| 题名: |
简明汉日词典
|
|
| 作者: | ;吉林大学《简明汉日词典》编写组 编 | |
| 分册: | ||
| 出版信息: | 沈阳 辽宁人民出版社 1985 |
|
| 页数: | 1488页 | |
| 开本: | 19cm | |
| 丛书名: | ||
| 单 册: | ||
| 中图分类: | H366 | |
| 科图分类: | ||
| 主题词: | 日语--词典 | |
| 电子资源: | ||
| ISBN: | ||
| 000 | 00677nam0 2200217 45 | |
| 001 | 0185014011 | |
| 005 | 20050425152409.0 | |
| 010 | @b精装@dCNY10.00 | |
| 100 | @a19951024d1985 em y0chiy0121 ea | |
| 101 | 0 | @achi |
| 102 | @aCN@b210000 | |
| 105 | @ay z 000yy | |
| 200 | 10 | @a简明汉日词典@Ajian ming han ri ci dian@f吉林大学《简明汉日词典》编写组编@FJi Lin Da Xue《Jian Ming Han Ri Ci Dian》Bian Xie Zu Bian |
| 210 | @a沈阳@c辽宁人民出版社@d1985 | |
| 215 | @a1488页@d19cm | |
| 606 | @a日语@x词典 | |
| 690 | @aH366@v3 | |
| 711 | 02 | @a吉林大学《简明汉日词典》编写组@4编 |
| 801 | 0 | @aCN@b深圳图书馆@c20050425 |
| 801 | 2 | @aCN@bNLC@c20050425 |
| 905 | @f2@b153429-430@dH366@e116 | |
| 简明汉日词典/吉林大学《简明汉日词典》编写组编.-沈阳:辽宁人民出版社,1985 |
| 1488页;19cm |
| ISBN (精装):CNY10.00 |
| ● |
| 相关链接 |
|
|
|
|
正题名:简明汉日词典
索取号:H366/116
 
预约/预借
| 序号 | 登录号 | 条形码 | 馆藏地/架位号 | 状态 | 备注 |
| 1 | 0153429 | 001055770 | 第四借阅区/ [索取号:H366/116] | 在馆 | |
| 2 | 0153430 | 001055798 | 工具书阅览室/ [索取号:H366/116] | 在馆 | |
| 3 | 0153431 | 001055789 | 第二样本阅览室/ [索取号:H366/116] | 在馆 |